00644 2200217 4500001002100000005001500021035002000036007000300056008004100059020001800100100003100118245009700149250001000246260004000256300003200296700001800328082001100346084001700357650001700374990003500391INLIS00000000000670520260210042316 a0010-0625000020ta260210 0 ind  a979-3702-39-10 aWiryowidagdo, Sudjaswadi ;1 aTanaman Obat untuk penyakit jantung, Darah tinggi, & Koleksterol /cSudjaswadi Wiryowidagdo acet.1 aJakarta :bAgromedia Pustaka,c2002 a32 hlm. :bilus. ;c23,5 cm0 aSitanggang, M a582.12 a582.12 Wir t 4aTanaman Obat ac.1/27/Polbangtan Yoma/ha/2025